| 000 | 00518nam a2200181 i 4500 | ||
|---|---|---|---|
| 001 | 20644 | ||
| 003 | ES-MaACL | ||
| 005 | 20230906152335.0 | ||
| 007 | t| | ||
| 008 | 021115s1965 sp |||| | spa d | ||
| 100 | 1 |
_aAcosta Sánchez, José. _918320 |
|
| 245 | 1 | 0 |
_aNerja, primer encuentro con mi pueblo / _cJosé Acosta Sánchez. |
| 250 | _a1ª ed. | ||
| 260 |
_a[Málaga : _bs.n.], _c1965 ( _fGráf. Sahara) |
||
| 300 |
_a222 p. ; _c21 cm. |
||
| 651 | 4 |
_aNerja- _xDescripción. _9165645 |
|
| 852 |
_aES-MaACL _jC-27075 |
||
| 999 |
_c20644 _d20644 |
||